|
|
|
|
| LEADER |
00594nam a22001697a 4500 |
| 020 |
|
|
|a 9788177052459
|
| 082 |
|
|
|a M301
|b ISM/K
|
| 100 |
|
|
|a Iamail V C
|9 51940
|
| 245 |
|
|
|a Kunjalikuttikka/
|c by Iamail V C
|
| 260 |
|
|
|a Thiruvananthapuram:
|b Prabhatham Printing and Publishing,
|c 2014.
|
| 300 |
|
|
|a 58p.
|
| 650 |
|
|
|a Stories Malayalam
|9 51941
|
| 650 |
|
|
|a Literature Malayalam
|9 51942
|
| 650 |
|
|
|a Literature
|9 51943
|
| 942 |
|
|
|c BK
|
| 999 |
|
|
|c 72478
|d 72478
|
| 952 |
|
|
|0 0
|1 0
|4 0
|6 M_301_000000000000000_ISM_K
|7 0
|9 93236
|a SSUS
|b SSUS
|c STACKS
|d 2018-06-18
|g 45.00
|o M301 ISM/K
|p 090330
|r 2018-06-18
|w 2018-06-18
|y BK
|